| 000 | 01983cam a22005774i 4500 | ||
|---|---|---|---|
| 003 | PE-LiUPU | ||
| 005 | 20260417113744.0 | ||
| 008 | 150706s1995 tnu r 000 0 spa d | ||
| 020 | _a0881133329 | ||
| 020 | _a9780881133325 | ||
| 035 | _a(Sirsi) i9780881133325 | ||
| 040 |
_aPE-LiUPU _bspa _cPE-LiUPU _dPE-LiUPU _erda |
||
| 049 | _aPRUA | ||
| 082 | 0 | 4 |
_a158.121 _bZ68m _221 |
| 100 | 1 |
_aZiglar, Zig, _eautor. |
|
| 245 | 1 | 0 |
_aMás allá de la cumbre / _cZig Ziglar. |
| 264 | 1 |
_aNashville, Tennessee : _bBetania, _c[1995]. |
|
| 300 |
_a286 páginas ; _c21 cm |
||
| 336 |
_atext _2rdacontent |
||
| 337 |
_aunmediated _2rdamedia |
||
| 338 |
_avolume _2rdacarrier |
||
| 500 | _a"Autor del éxito de librería Nos veremos en la cumbre, con más de 1.5 millones de ejemplares vendidos" -- en cubierta. | ||
| 505 | 0 | _a¿Qué es, o dónde está la cumbre? -- Tenerlo todo -- La responsabilidad es suya -- Cambie la imagen -- La actitud del inmigrante -- Motivación es la clave -- La actitud hace la diferencia -- Usted. Sí, usted. tiene lo que se necesita -- Es imprescindible un programa de metas -- Un programa de metas: la clave para un éxito equilibrado -- Cómo alcanzar sus metas -- Cómo levantarse y mantenerse de pie cuando lo han tumbado -- Compromiso+valor+disciplina=Libertad -- Un buen final. | |
| 526 | _aSEG68 | ||
| 526 | _aSEG70 | ||
| 526 | _aSEG69 | ||
| 526 | _aSEG67 | ||
| 526 | _aSEG43 | ||
| 526 | _aP144 | ||
| 526 | _aP143 | ||
| 526 | _aP131 | ||
| 526 | _aP122 | ||
| 526 | _aP120 | ||
| 526 | _aP117 | ||
| 526 | _aP112 | ||
| 526 | _aP110 | ||
| 526 | _aP106 | ||
| 526 | _aP101 | ||
| 526 | _aP80 | ||
| 526 | _aP59 | ||
| 526 | _aP54 | ||
| 526 | _aP35 | ||
| 526 | _aP33 | ||
| 526 | _aP30 | ||
| 650 | 2 | 4 |
_aConducta de vida. _9973 |
| 650 | 1 | 4 |
_aExito. _91682 |
| 910 | _agl | ||
| 942 |
_2ddc _cBK |
||
| 980 |
_818226 _gJaime Vilcazán Jefe de Análisis Documental |
||
| 999 |
_c49750 _d49750 |
||